000
00294nam a22001457a 4500
020
_a
9789380358550
041
_a
ENG
100
_a
Bhatt.N.D
245
_a
Engineering Drawing
250
_a
Fifty ed
260
_a
Gujarat
_b
Chasataas PUB
_c
1993
300
_a
708
650
_a
FMP
856
_u
FMP
999
_c
261
_d
261